Wszystkie piosenki Bedosa 2115 - Statystyki

Ogólne statystyki
  • Ten quiz został rozwiązany 16 razy
  • Średni wynik to 28 z 129
Statystyki odpowiedzi
Album Odpowiedź % Poprawnych
Opowieści z doliny smoków 1998 (Mam to we krwi)
70%
Kwiat polskiej młodzieży Chłopaki nie płaczą (feat Taco Hemingway)
70%
Kwiat polskiej młodzieży Kwiat polskiej młodzieży
70%
Rewolucja romantyczna Rewolucja romantyczna
70%
Opowieści z doliny smoków Smoki
70%
Aby śmierć miała znaczenie Aby śmierć miała znaczenie
60%
Aby śmierć miała znaczenie Biały i młody
60%
Opowieści z doliny smoków Jesteś ładniejsza niż na zdjęciach (na zawsze)
60%
Opowieści z doliny smoków Opowieści z doliny smoków
60%
Kwiat polskiej młodzieży 05:05
50%
RODZINNY BIZNES #1 2115
50%
Kwiat polskiej młodzieży Delfin (feat Koldi, Young Multi, Beteo)
50%
Rewolucja romantyczna Intro
50%
Rewolucja romantyczna Mbappé
50%
Rewolucja romantyczna TOA$T
50%
Kwiat polskiej młodzieży 1000 koni
40%
Rewolucja romantyczna City Boy
40%
Rewolucja romantyczna Doda
40%
Aby śmierć miała znaczenie Gang, gang, gang
40%
Kwiat polskiej młodzieży Givenchy
40%
Bonus Hit 'Em Up
40%
Kwiat polskiej młodzieży Janosik (feat Golec uOrkiestra)
40%
Aby śmierć miała znaczenie Napad
40%
Rewolucja romantyczna NBP
40%
Opowieści z doliny smoków Playboy (dla Lanka) (feat Blacha 2115)
40%
Opowieści z doliny smoków Polaco (to też) (feat Mr.Polska)
40%
Kwiat polskiej młodzieży Rivendell
40%
Opowieści z doliny smoków SAUVAGE
40%
Kwiat polskiej młodzieży Tarzan
40%
Kwiat polskiej młodzieży Toy Story (feat Rafonix)
40%
Rewolucja romantyczna Vivienne Westwood
40%
Kwiat polskiej młodzieży Wow
40%
Opowieści z doliny smoków Wschód (lubię zapierdalać) (feat Kosa, White 2115)
40%
Aby śmierć miała znaczenie Anioły
30%
Kwiat polskiej młodzieży Bardzo przepraszam
30%
Opowieści z doliny smoków Brzydkie Rzeczy (feat DJ Johny)
30%
Rewolucja romantyczna Chrome Hearts
30%
RODZINNY BIZNES #1 DRESSCODE (feat Taco Hemingway)
30%
Bonus Eldorado
30%
Opowieści z doliny smoków Fendi (poznaliśmy się w studio) (feat Smxkey Nunno)
30%
Opowieści z doliny smoków FPS
30%
Opowieści z doliny smoków Fresh Prince (trill 4ever) (feat Malik Montana)
30%
Opowieści z doliny smoków Gdzie jest Eis? (to dla Was)
30%
Aby śmierć miała znaczenie Hymn
30%
Opowieści z doliny smoków Lesbijki
30%
Opowieści z doliny smoków Łzy (pierwszy kawałek na tej płycie) (feat Kuqe 2115)
30%
Rewolucja romantyczna Marseille
30%
Opowieści z doliny smoków Nadchodzi lato
30%
Rewolucja romantyczna Nawiedzony dom (feat Szpaku)
30%
Kwiat polskiej młodzieży Śnieg
30%
Rewolucja romantyczna Tajemnice Atlantydy
30%
Rewolucja romantyczna Tatuaże i Striptiz
30%
Opowieści z doliny smoków VOGUE
30%
RODZINNY BIZNES #1 BEDOESIARA
20%
Rewolucja romantyczna Bukiet białych róż [SQUADSHIT #13]
20%
Aby śmierć miała znaczenie C'est la vie
20%
Rewolucja romantyczna Frenezja romantyczna
20%
Kwiat polskiej młodzieży Gady (feat Białas,Eldo)
20%
Rewolucja romantyczna Gretzkii (feat Flexxy 2115)
20%
Opowieści z doliny smoków Hardcore Pleasure
20%
Kwiat polskiej młodzieży Introdukcja
20%
RODZINNY BIZNES #2 JAGIEŁŁO
20%
Aby śmierć miała znaczenie Kolega brata rapera
20%
Kwiat polskiej młodzieży Mercedes GLE Coupé (feat Blacha, Kuqe, Flexxy)
20%
Opowieści z doliny smoków Michelangelo
20%
Rewolucja romantyczna Moi Ludzie (feat Kuqe 2115, Eis)
20%
Aby śmierć miała znaczenie NFZ
20%
RODZINNY BIZNES #1 NINJA
20%
RODZINNY BIZNES #2 OUTRO
20%
Aby śmierć miała znaczenie Papito (feat Kuqe)
20%
RODZINNY BIZNES #1 RODZINNY BIZNES
20%
Aby śmierć miała znaczenie Typie (feat ReTo)
20%
Rewolucja romantyczna Wędrowiec Nad Morzem Mgły (feat Białas)
20%
Opowieści z doliny smoków Anarchia 2019 (zawsze chciałem to zrobić)
10%
RODZINNY BIZNES #1 CATALINA (feat Pezet)
10%
RODZINNY BIZNES #2 DIAMENTY (feat Doda)
10%
RODZINNY BIZNES #1 FAŁSZYWI PROROCY
10%
RODZINNY BIZNES #1 FLEXXY 2115 SKIT
10%
RODZINNY BIZNES #1 GLOW UP (feat Wersow)
10%
Bonus Helikopter w ogniu
10%
RODZINNY BIZNES #1 I'M A STAR NOW
10%
Aby śmierć miała znaczenie Jon Snow (co-prod.Sapi) (feat White)
10%
RODZINNY BIZNES #1 KAFA LEYLA
10%
RODZINNY BIZNES #1 KETCHUP
10%
Aby śmierć miała znaczenie Łk 1, 46-55
10%
Bonus NaNaNa REMIX (feat ZUI)
10%
RODZINNY BIZNES #1 NIE MA SPRAWY (feat Palar, Smxkey Nunno,Fekir, Młody F.)
10%
Rewolucja romantyczna NIEWIEŚCIN BYDGOSZCZ
10%
RODZINNY BIZNES #1 ONZ (feat Alberto, Josef Bratan)
10%
Bonus PUSZKI, KARTONY, BUTELKI [SQUADSHIT #7]
10%
Aby śmierć miała znaczenie Raz (co-prod.Aprilijoke)
10%
RODZINNY BIZNES #1 WALIZKI
10%
RODZINNY BIZNES #2 WEEKEND 2115
10%
RODZINNY BIZNES #1 WHITE 2115 SKIT
10%
RODZINNY BIZNES #2 WIĘCEJ DYMU
10%
RODZINNY BIZNES #2 ADELE SKIT
0%
RODZINNY BIZNES #2 AIRPLANES
0%
Bonus ASTRONAUTA (feat White Nigga)
0%
RODZINNY BIZNES #2 BEDOES 2115 SKIT
0%
RODZINNY BIZNES #2 BLACHA 2115 SKIT
0%
Bonus BRRR [SQUADSHIT #2]
0%
RODZINNY BIZNES #2 BRUCE
0%
Bonus C.A.S.H
0%
Bonus CO SŁYCHAĆ? [SQUADSHIT #4]
0%
Bonus DRUŻYNA - CO ROBISZ? (feat Kuqe,Flexenstein)
0%
Bonus DRUŻYNA - MONGOLIA (feat Kuqe,Flexenstein)
0%
Bonus EGIPSKIE PIERDOLANDO
0%
RODZINNY BIZNES #2 GUGU x 2115
0%
RODZINNY BIZNES #1 KUQE 2115 SKIT
0%
Bonus LOUIE V
0%
Bonus MARIO_BROS
0%
RODZINNY BIZNES #2 MOJE BIAŁASY
0%
Bonus MORGAN JONES [SQUADSHIT #8]
0%
RODZINNY BIZNES #1 NA KRAŃCU ŚWIATA
0%
Bonus NIE MYŚL O TYM
0%
Bonus PESEL [SQUADSHIT #5] (feat Kuqe 2115)
0%
Bonus POLSKI FUTURE
0%
RODZINNY BIZNES #2 ROTTWEILER (feat Kaz Bałagane)
0%
Bonus RUSKIE FAJKI [SQUADSHIT #1]
0%
RODZINNY BIZNES #2 STROBO
0%
RODZINNY BIZNES #2 TERAZ ALBO NIGDY (feat Young Multi)
0%
RODZINNY BIZNES #2 TO DLA CIEBIE
0%
Bonus TRYB SAMOLOTOWY [SQUADSHIT #3]
0%
RODZINNY BIZNES #2 TURYSTA
0%
Bonus Unieś szklankę (feat Kuqe)
0%
Bonus WINTER_FRESH
0%
RODZINNY BIZNES #2 WYGLĄDAM PODEJRZANIE
0%
Bonus ZAMKNIĘTY KRĄG
0%
Bonus ZRÓB RECENZJE TEGO / I DID IT
0%
Nie znaleziono quizów pasujących do podanych kryteriów
Rozkład punktacji
Procent ludzi z każdym wynikiem
Percentyl według liczby udzielonych odpowiedzi
Twoja historia wyników
Nie rozwiązałeś tego quizu